| 000 | 00732nam a22002297a 4500 | ||
|---|---|---|---|
| 005 | 20170124110112.0 | ||
| 010 | _a967621 | ||
| 020 |
_c00.00 _a071953335X |
||
| 035 | _a967621 | ||
| 037 | _bCen Lib/Ret | ||
| 040 |
_aDPL _bEN |
||
| 082 |
_a915.15 _bMUR |
||
| 100 |
_aMurphy, Dervla _929319 |
||
| 245 |
_aWhere the Indus is young : _cby Dervla Murphy _ba winter in Baltistan / |
||
| 260 |
_aLondon _bJohn Murray _c1977 |
||
| 270 |
_bLondon _a50 Albemarle Street |
||
| 300 |
_a266p. _c21cm(Hb) |
||
| 500 | _aIncludes bibliographical references and index | ||
| 650 |
_aBaltistan (Pakistan) -- Description and travel _929320 |
||
| 650 |
_aMurphy, Dervla, -- 1931- _929321 |
||
| 942 |
_2ddc _cEN _h915.15 _mMUR |
||
| 999 |
_c130482 _d130482 |
||